Perfil de los menores infractores extranjeros acompañados y no acompañados en Asturias (Record no. 182398)

MARC details
000 -CABECERA
campo de control de longitud fija 01706cab a2200325 ab4500
005 - FECHA Y HORA DE LA ÚLTIMA TRANSACCIÓN
campo de control 20240913063810.0
008 - ELEMENTOS DE LONGITUD FIJA--INFORMACIÓN GENERAL
campo de control de longitud fija 991125c2015 cl fr p o 000 0 spa d
035 ## - NÚMERO DE CONTROL DEL SISTEMA
Número de control de sistema UPN01000210297
040 ## - FUENTE DE LA CATALOGACIÓN
Centro catalogador/agencia de origen MX-MxUPN
Lengua de catalogación spa
Centro/agencia transcriptor MX-MxUPN
Normas de descripción aacr2
049 ## - COLECCIÓN
Colección ART-E
100 1# - ASIENTO PRINCIPAL--NOMBRE PERSONAL
Nombre de persona Fernández Suárez, Asunción
100 1# - ASIENTO PRINCIPAL--NOMBRE PERSONAL
Filiación fernandezasuncion@uniovi.es
100 1# - ASIENTO PRINCIPAL--NOMBRE PERSONAL
Nombre de persona Pérez Sánchez, Beatriz
100 1# - ASIENTO PRINCIPAL--NOMBRE PERSONAL
Nombre de persona Fernández Alonso, Laura
100 1# - ASIENTO PRINCIPAL--NOMBRE PERSONAL
Nombre de persona Herrero Olaizola, Juan
100 1# - ASIENTO PRINCIPAL--NOMBRE PERSONAL
Nombre de persona Rodríguez Díaz, Francisco Javier
245 10 - MENCIÓN DE TÍTULO
Título Perfil de los menores infractores extranjeros acompañados y no acompañados en Asturias
Medio [recurso electrónico en línea]
506 0# - NOTA DE RESTRICCIONES AL ACCESO
Limitaciones de acceso Acceso abierto
520 3# - NOTA DE RESUMEN, ETC.
Sumario, etc. La alarma social generada por la delincuencia juvenil se ve incrementada cuando el infractor, además es extranjero. El objetivo de este trabajo es nalizar el perfil sociodemográfico, la problemática psicológica y delictiva de estos jóvenes, estableciendo una comparación entre los menores extranjeros no acompañados (MENAs) y los acompañados (procedentes de reagrupaciones familiares). Los resultados refieren que no se trata de un colectivo homogéneo, siendo discutidas sus implicaciones de cara a una orientación en la intervención desde el Sistema de Protección y Justicia Juvenil.
650 #4 - ASIENTO SECUNDARIO DE MATERIA - TERMINO TEMATICO
Término de materia o nombre geográfico como elemento de entrada Delincuencia juvenil
9 (RLIN) 9217
650 #4 - ASIENTO SECUNDARIO DE MATERIA - TERMINO TEMATICO
9 (RLIN) 11947
Término de materia o nombre geográfico como elemento de entrada Abuso de sustancias
653 0# - TERMINO DE INDIZACION - NO CONTROLADO
Término no controlado Menores infractores
653 0# - TERMINO DE INDIZACION - NO CONTROLADO
Término no controlado Reincidencia
653 0# - TERMINO DE INDIZACION - NO CONTROLADO
Término no controlado Intervención
773 ## - ENLACE AL DOCUMENTO FUENTE/ENTRADA DE REGISTRO ANFITRIÓN
Parte(s) relacionada(s) Vol. 2, no. 1 (2015)
Título Revista de psicología
Número Internacional Normalizado para Publicaciones Seriadas 0719-0581
856 4# - LOCALIZACIÓN Y ACCESO ELECTRÓNICOS
Identificador Uniforme del Recurso <a href="https://revistapsicologia.uchile.cl/index.php/RDP/article/view/36911">https://revistapsicologia.uchile.cl/index.php/RDP/article/view/36911</a>
902 ## - ELEMENTOS DE DATOS B LOCAL, LDB (RLIN)
Creó Leonor Sotres/010323
905 ## - TIPO DE MATERIAL
Tipo de material Articulo
942 ## - ELEMENTOS DE PUNTO DE ACCESO ADICIONAL (KOHA)
Tipo de ítem Koha Artículo Electrónico
Holdings
Estado de retiro Estado de pérdida Estado dañado No para préstamo Código de colección Localización permanente Ubicación/localización actual Ubicación en estantería Fecha de adquisición Total de préstamos Fecha visto por última vez Identificador Uniforme del Recurso Precio válido a partir de Tipo de ítem Koha
        Acceso abierto Bib. Gregorio Torres Quintero Bib. Gregorio Torres Quintero En línea 01/03/2023   01/03/2023 https://revistapsicologia.uchile.cl/index.php/RDP/article/view/36911 01/03/2023 Artículo Electrónico